[Event "US Championship (Semi-Final)"]
[Site "Chandler"]
[Date "1997.09.04"]
[Round "2"]
[White "Christiansen, Larry"]
[Black "Seirawan, Yasser"]
[Result "1/2-1/2"]
[WhiteElo "2550"]
[BlackElo "2630"]
[PlyCount "87"]
[EventDate "1997.09.03"]

1. e4 e6 2. d4 d5 3. Nc3 Be7 4. Nf3 Nf6 5. Bd3 c5 6. exd5 cxd4 7. Bb5+ Bd7
8. Bxd7+ Nbxd7 9. Nxd4 Nxd5 10. Nxd5 exd5 11. O-O O-O 12. Nf5 Nb6 13. Qg4 g6
14. Nh6+ Kh8 15. Re1 f5 16. Qg3 Bf6 17. Re6 Qd7 18. Rxf6 Rxf6 19. Be3 d4 20.
Bg5 Re6 21. h3 Rae8 22. Rd1 Qg7 23. Qb3 Qc7 24. f4 Qc4 25. Qxc4 Nxc4 26. Rxd4
Nb6 27. c4 Kg7 28. c5 Re1+ 29. Kh2 R1e4 30. Rd1 Re1 31. Rxe1 Rxe1 32. cxb6 axb6
33. g4 fxg4 34. Nxg4 h5 35. Ne5 Re2+ 36. Kg3 Rxb2 37. Kf3 Rxa2 38. Ke4 Rd2 39.
h4 b5 40. Nd3 Kf7 41. Ke3 Rg2 42. Ke4 Ke6 43. Nc5+ Kf7 44. Nd3 1/2-1/2

[Event "US Championship  (Semi-Final)"]
[Site "Chandler"]
[Date "1997.09.05"]
[Round "3"]
[White "Benjamin, Joel"]
[Black "Kaidanov, Gregory"]
[Result "1-0"]
[WhiteElo "2550"]
[BlackElo "2630"]
[PlyCount "85"]
[EventDate "1997.09.03"]

1. d4 d5 2. c4 e6 3. Nf3 Nf6 4. g3 dxc4 5. Qa4+ Nbd7 6. Bg2 a6 7. Qxc4 b5
8. Qc6 Ra7 9. Be3 Nd5 10. Qc1 c5 11. Nc3 Nxc3 12. Qxc3 Nb6 13. dxc5 Nd5 14.
Qd2 Nxe3 15. Qxe3 Qa5+ 16. Nd2 Qb4 17. Rc1 Rc7 18. O-O Qxb2 19. Rfd1 Be7 20. c6
O-O 21. Rb1 Qa3 22. Nb3 Bd8 23. Rd3 Re7 24. Rbd1 Bc7 25. Nc5 Qxa2 26. Nd7 Rfe8
27. Qg5 h6 28. Nf6+ Kh8 29. Qh4 gxf6 30. Qxh6+ Kg8 31. Rd4 f5 32. Qg5+ Kf8 33.
Qh6+ Kg8 34. Qg5+ Kf8 35. Qf6 Be5 36. Qxe5 f6 37. Qxf6+ Rf7 38. Qh6+ Kg8 39.
Qg6+ Kf8 40. Qh6+ Kg8 41. Rd8 Rfe7 42. Qg6+ Kf8 43. Qf6+ 1-0

[Event "US Championship (Semi-Final)"]
[Site "Chandler"]
[Date "1997.09.05"]
[Round "3"]
[White "Seirawan, Yasser"]
[Black "Christiansen, Larry"]
[Result "0-1"]
[WhiteElo "2630"]
[BlackElo "2550"]
[PlyCount "70"]
[EventDate "1997.09.03"]

1. d4 d6 2. e4 Nf6 3. f3 g6 4. c4 Bg7 5. Nc3 O-O 6. Be3 a6 7. Bd3 c5 8. d5
e6 9. Nge2 exd5 10. cxd5 b5 11. a3 Nbd7 12. b4 Qe7 13. O-O Bb7 14. Qd2 Rac8
15. Rab1 Rfe8 16. Bf2 Ne5 17. a4 cxb4 18. Rxb4 Bh6 19. Qxh6 Nxd3 20. Rd4 Nxf2
21. Rxf2 Rc5 22. Qd2 Rec8 23. Rf1 bxa4 24. Nxa4 Rc2 25. Qd3 Nxd5 26. Rb1 Qe5
27. exd5 Rxe2 28. Re4 Rxe4 29. fxe4 Rc7 30. Rd1 Bc8 31. Nb6 Rc3 32. Qd4 Rc1 33.
Qd2 Rxd1+ 34. Qxd1 Bb7 35. Qa4 Qc3 0-1

[Event "US Championship (Semi-Final)"]
[Site "Chandler"]
[Date "1997.09.06"]
[Round "4"]
[White "Christiansen, Larry"]
[Black "Seirawan, Yasser"]
[Result "1/2-1/2"]
[WhiteElo "2550"]
[BlackElo "2630"]
[PlyCount "110"]
[EventDate "1997.09.03"]

1. e4 e6 2. d4 d5 3. Nc3 Be7 4. Bd3 dxe4 5. Nxe4 Nd7 6. Nf3 Ngf6 7. Nxf6+
Bxf6 8. Qe2 c5 9. d5 Nb6 10. dxe6 Bxe6 11. Bb5+ Kf8 12. O-O h6 13. Bf4 Bxb2 14.
Rad1 Qf6 15. Be5 Bxe5 16. Nxe5 Kg8 17. f4 h5 18. Qe4 g6 19. a4 Rb8 20. a5 a6 21.
Be2 Bf5 22. Qe3 Na4 23. Qb3 b5 24. axb6 Nxb6 25. Rd6 Bxc2 26. Qa2 Qe7 27. Rxb6
Rxb6 28. Qxc2 Kg7 29. Bc4 Rf8 30. Qf2 Qd6 31. h3 a5 32. Kh2 a4 33. Qg3 Qd4 34.
Rf3 Rf6 35. Qg5 a3 36. Rxa3 Qxf4+ 37. Qxf4 Rxf4 38. Ra7 Rf5 39. Nf3 Rf4 40. Ne5
Rf5 41. Nxg6 Kxg6 42. Bd3 Rd8 43. Bxf5+ Kxf5 44. Rxf7+ Ke4 45. Rc7 Kd4 46. h4
c4 47. g4 Rd5 48. g5 Kd3 49. g6 Rd4 50. Kh3 c3 51. g7 Rg4 52. Rd7+ Ke3 53.
Re7+ Kd2 54. Rd7+ Ke2 55. Rc7 Kd2 1/2-1/2

[Event "US Championship (Semi-Final, G/25)"]
[Site "Chandler"]
[Date "1997.09.06"]
[Round "2"]
[White "Christiansen, Larry"]
[Black "Seirawan, Yasser"]
[Result "1-0"]
[WhiteElo "2580"]
[BlackElo "2630"]
[PlyCount "97"]
[EventDate "1997.09.06"]

1. e4 c6 2. d4 d5 3. e5 Bf5 4. Nf3 e6 5. Be2 Nd7 6. O-O Ne7 7. Nh4 Bg6 8.
Nd2 c5 9. c3 Nc6 10. Nxg6 hxg6 11. Nf3 Be7 12. Be3 c4 13. g3 b5 14. h4 Nb6 15.
Ng5 a5 16. Kg2 b4 17. Rh1 a4 18. a3 bxc3 19. bxc3 Na5 20. Bg4 Nb3 21. Ra2 Rf8
22. Qc2 Bxg5 23. Bxg5 Qc7 24. h5 gxh5 25. Rxh5 Kd7 26. Rh7 Rg8 27. f4 Kc6 28.
f5 exf5 29. Qxf5 Kb5 30. Rf2 Raf8 31. Bf4 Qe7 32. Ra2 Na8 33. e6 Nb6 34. Re2
fxe6 35. Qxe6 Qxe6 36. Bxe6 Re8 37. Re5 Rgf8 38. Rxg7 Kc6 39. Rg6 Kb5 40. Bxd5
Rxe5 41. Bc6+ Ka5 42. dxe5 Nc8 43. e6 Ne7 44. Rg5+ Kb6 45. Bxa4 Ra8 46. Rb5+ Kc6
47. Ra5+ Kb7 48. Rxa8 Kxa8 49. Bb5 1-0

[Event "US Championship (Semi-Final, G/15)"]
[Site "Chandler"]
[Date "1997.09.06"]
[Round "1"]
[White "Seirawan, Yasser"]
[Black "Christiansen, Larry"]
[Result "1-0"]
[WhiteElo "2630"]
[BlackElo "2580"]
[PlyCount "79"]
[EventDate "1997.09.06"]

1. d4 Nf6 2. c4 g6 3. Nc3 Bg7 4. e4 d6 5. f3 O-O 6. Be3 a6 7. Qd2 c6 8. Bd3
b5 9. Nge2 Nbd7 10. O-O e5 11. b3 exd4 12. Nxd4 Bb7 13. Rac1 Ne5 14. Rfd1 bxc4
15. Bxc4 d5 16. exd5 cxd5 17. Bf1 Re8 18. Na4 Ned7 19. Nc6 Bxc6 20. Rxc6 a5 21.
Bf2 Rb8 22. Nc3 Ne5 23. Ra6 Qc7 24. Nxd5 Nxd5 25. Qxd5 a4 26. Ra7 Qc2 27. Rxa4
Bf6 28. Qd2 Qc6 29. Ra6 Nxf3+ 30. gxf3 Qxf3 31. Bg2 Qf5 32. Rf1 Bg5 33. Qd5 Re5
34. Qf3 Qc2 35. Ra8 Ree8 36. Rxb8 Rxb8 37. Bg3 Qc5+ 38. Kh1 Rf8 39. Qd5 Qe7 40.
Bd6 1-0

[Event "US Championship (Semi-Final, G/15)"]
[Site "Chandler"]
[Date "1997.09.06"]
[Round "2"]
[White "Christiansen, Larry"]
[Black "Seirawan, Yasser"]
[Result "1-0"]
[WhiteElo "2580"]
[BlackElo "2630"]
[PlyCount "153"]
[EventDate "1997.09.06"]

1. e4 c6 2. d4 d5 3. Nc3 dxe4 4. Nxe4 Nd7 5. Bd3 Ngf6 6. Ng5 e6 7. N1f3 Bd6
8. Qe2 h6 9. Ne4 Nxe4 10. Qxe4 c5 11. Bd2 Nf6 12. Qe2 Qc7 13. dxc5 Qxc5 14. c4
b6 15. Bc3 Bb7 16. Ne5 O-O 17. O-O Rfd8 18. Rfe1 Bxe5 19. Bxe5 Rd7 20. Rac1
Rad8 21. Bxf6 gxf6 22. Rc3 Qg5 23. g3 Qc5 24. a3 Qc6 25. Qg4+ Kf8 26. Be4 Qc7
27. Bxb7 Qxb7 28. c5 bxc5 29. Qf4 Kg7 30. Rxc5 Rd4 31. Qc7 Qxc7 32. Rxc7 R8d7
33. Rec1 a5 34. Rxd7 Rxd7 35. b4 axb4 36. axb4 Rb7 37. Rb1 Kf8 38. b5 Ke7 39.
Kg2 Kd6 40. Kh3 Ke7 41. Kh4 Kf8 42. Kh5 Kg7 43. Kg4 Kf8 44. b6 Kg7 45. Kf4 Kf8
46. Kg4 Kg7 47. Kh5 Kh7 48. Rb4 Kg7 49. g4 Kh7 50. Kh4 Kg7 51. Kg3 Kf8 52. f4
Kg7 53. h4 Kf8 54. h5 Kg8 55. Kh4 Kg7 56. Rb5 Kh7 57. Rb1 Kg7 58. Rb2 Kh7 59.
g5 fxg5+ 60. fxg5 Kg7 61. Kg4 hxg5 62. Kxg5 f6+ 63. Kg4 Kh6 64. Rb5 Kh7 65.
Kf4 Kh6 66. Ke4 Kh7 67. Kd4 Kh6 68. Kc5 e5 69. Kc6 Rb8 70. Kc7 Rg8 71. b7 Kxh5
72. b8=Q Rxb8 73. Rxb8 e4 74. Rg8 e3 75. Kd6 e2 76. Rg1 Kh4 77. Ke6 1-0

[Event "US Championship (S/F G/5 Playoff)"]
[Site "Chandler"]
[Date "1997.09.06"]
[Round "1"]
[White "Seirawan, Yasser"]
[Black "Christiansen, Larry"]
[Result "0-1"]
[WhiteElo "2630"]
[BlackElo "2580"]
[PlyCount "80"]
[EventDate "1997.09.06"]

1. d4 e6 2. c4 Nf6 3. Nf3 b6 4. Nc3 Bb7 5. Bg5 Be7 6. e3 Ne4 7. Nxe4 Bxe4
8. Bf4 O-O 9. Bd3 Bg6 10. O-O d6 11. Bxg6 hxg6 12. e4 Nd7 13. h3 a6 14. Rc1 c6
15. d5 cxd5 16. cxd5 e5 17. Be3 Nc5 18. Nd2 Bg5 19. Qe2 Bxe3 20. Qxe3 a5 21. b3
f5 22. f3 Ra7 23. a3 f4 24. Qe2 Qd7 25. Rc2 Rc8 26. Rfc1 Rac7 27. b4 axb4 28.
axb4 Na4 29. Rxc7 Rxc7 30. Rxc7 Qxc7 31. Qc4 Qa7 32. Qc8+ Kh7 33. Kh2 b5 34. Nb3
Qf2 35. Na5 Qg3+ 36. Kg1 Qe1+ 37. Kh2 Nc3 38. Qa8 Qg3+ 39. Kg1 Nd1 40. Qa7 Ne3
0-1

[Event "US Championship (S/F G/5 Playoff)"]
[Site "Chandler"]
[Date "1997.09.06"]
[Round "2"]
[White "Christiansen, Larry"]
[Black "Seirawan, Yasser"]
[Result "0-1"]
[WhiteElo "2580"]
[BlackElo "2630"]
[PlyCount "66"]
[EventDate "1997.09.06"]

1. e4 c5 2. Nf3 Nc6 3. c3 Nf6 4. e5 Nd5 5. Bc4 Nb6 6. Bb3 d5 7. exd6 Qxd6
8. Na3 Be6 9. O-O Bxb3 10. axb3 Qd3 11. Re1 e6 12. Re3 Qd7 13. Nc4 Nxc4 14.
bxc4 Rd8 15. d4 Be7 16. Qe2 cxd4 17. cxd4 Nxd4 18. Nxd4 Qxd4 19. Re4 Qd1+ 20.
Qf1 a6 21. Be3 Qb3 22. c5 O-O 23. h3 Rd7 24. c6 bxc6 25. Qxa6 Qxb2 26. Rc4 Rfd8
27. Rxc6 Rd1+ 28. Rxd1 Rxd1+ 29. Kh2 Qe5+ 30. g3 Qd5 31. f3 Qxf3 32. Rc8+ Bd8
33. Bg1 Rd2+ 0-1

[Event "US Championship (S/F G/5 Playoff)"]
[Site "Chandler"]
[Date "1997.09.06"]
[Round "3"]
[White "Seirawan, Yasser"]
[Black "Christiansen, Larry"]
[Result "1-0"]
[WhiteElo "2630"]
[BlackElo "2580"]
[PlyCount "109"]
[EventDate "1997.09.06"]

1. d4 e6 2. c4 Nf6 3. g3 c5 4. d5 exd5 5. cxd5 d6 6. Nc3 g6 7. Bg2 Bg7 8.
Nf3 O-O 9. O-O a6 10. a4 Nbd7 11. e4 Re8 12. Re1 Ng4 13. Bg5 Bf6 14. Bxf6 Qxf6
15. h3 Nge5 16. Nxe5 Nxe5 17. f4 Nc4 18. Qe2 Qd4+ 19. Kh2 Na5 20. e5 Bf5 21.
Rad1 Qc4 22. Qf2 Nb3 23. Bf1 Qb4 24. g4 Bc2 25. Qxc2 Qxf4+ 26. Kh1 Nd4 27. Qh2
Qxh2+ 28. Kxh2 Nf3+ 29. Kg3 Nxe1 30. Rxe1 Rxe5 31. Rxe5 dxe5 32. g5 Kf8 33. a5
Rb8 34. Bc4 b5 35. axb6 Rxb6 36. b3 f5 37. gxf6 Rxf6 38. Ne4 Rf4 39. Nxc5 Ke7
40. Nxa6 h5 41. Nc5 g5 42. Ne6 h4+ 43. Kg2 Re4 44. Nxg5 Re3 45. Nf3 e4 46. Nxh4
Re1 47. Kf2 Rh1 48. Bf1 e3+ 49. Kg2 e2 50. Bxe2 Rb1 51. Bc4 Kd6 52. Ng6 Ra1 53.
h4 Kc5 54. h5 Ra2+ 55. Kg3 {...Incomplete...} 1-0

[Event "US Championship (S/F G/5 Playoff)"]
[Site "Chandler"]
[Date "1997.09.06"]
[Round "4"]
[White "Christiansen, Larry"]
[Black "Seirawan, Yasser"]
[Result "1-0"]
[WhiteElo "2580"]
[BlackElo "2630"]
[PlyCount "61"]
[EventDate "1997.09.06"]

1. e4 c6 2. d4 d5 3. e5 Bf5 4. Nf3 e6 5. Be2 Nd7 6. O-O h6 7. Re1 Ne7 8.
Nbd2 Bh7 9. Nf1 Nf5 10. Bd3 Bg6 11. Ng3 Nh4 12. Bxg6 Nxg6 13. Nh5 Nh4 14. g3
Nxf3+ 15. Qxf3 g6 16. Nf6+ Nxf6 17. exf6 Qc7 18. b3 O-O-O 19. a4 Bd6 20. c4 Bb4
21. Bf4 Qa5 22. Red1 h5 23. h4 Rd7 24. Rac1 Rhd8 25. c5 Re8 26. Be5 Rdd8 27.
Kg2 Kd7 28. Rb1 b6 29. cxb6 axb6 30. Rbc1 Kc8 31. Rxc6+ 1-0

[Event "US Championship (S/F G/5 Playoff)"]
[Site "Chandler"]
[Date "1997.09.06"]
[Round "5"]
[White "Seirawan, Yasser"]
[Black "Christiansen, Larry"]
[Result "0-1"]
[WhiteElo "2630"]
[BlackElo "2580"]
[PlyCount "106"]
[EventDate "1997.09.06"]

1. d4 Nf6 2. c4 e6 3. g3 c5 4. d5 exd5 5. cxd5 d6 6. Nc3 g6 7. Nf3 Bg7 8.
Bg2 O-O 9. O-O Re8 10. Re1 a6 11. a4 Nbd7 12. e4 Ng4 13. Bg5 Qb6 14. Qc2 h6 15.
Bf4 g5 16. Bc1 Nde5 17. a5 Qa7 18. Nxe5 Nxe5 19. Na4 b5 20. axb6 Qb8 21. f4 Ng4
22. e5 dxe5 23. h3 Bd7 24. fxg5 e4 25. hxg4 Qxg3 26. Qf2 Qxg4 27. Nxc5 Bb5 28.
b7 Rad8 29. Nxe4 Rxd5 30. Be3 Bc6 31. Qf4 Rxg5 32. Qxg4 Rxg4 33. Bf2 Bxb7 34.
Ng3 Rxe1+ 35. Rxe1 Bxg2 36. Kxg2 Bxb2 37. Kf3 Rg6 38. Nf5 Re6 39. Rg1+ Kh7 40.
Be3 a5 41. Rb1 Bg7 42. Rb3 Rf6 43. Ke4 Re6+ 44. Kd5 Re5+ 45. Kc4 Rxf5 46. Rb7
h5 47. Rb3 h4 48. Rb1 h3 49. Kb3 Rh5 50. Bf4 h2 51. Rh1 Be5 52. Bxe5 Rxe5 53.
Rxh2+ Kg6 {...incomplete...} 0-1